Alvarez, aneb, Po stopách Alvareze : dlouhodobá hra pro mládežnické oddíly /
Uloženo v:
| Hlavní autor: | |
|---|---|
| Další autoři: | |
| Médium: | Kniha |
| Jazyk: | Czech |
| Vydáno: |
Praha :
Sokol Silůvky,
1989
|
| Edice: | Edice foglarovské hry
|
| Témata: |
letní tábory
> táboření
> tábornictví
> oddíly
> dobrodružné
> hry
> dobrodružství
> návody
> příručky
|
| Celkem bylo vypůjčeno: | 5x |
| Tagy: |
Žádné tagy |
| LEADER | 01144nam a2200301 a 4500 | ||
|---|---|---|---|
| 001 | 44957 | ||
| 005 | 20240330060546.0 | ||
| 008 | 990831s1989----xr ---------u-------cze-d | ||
| 015 | |a cnb000533601 | ||
| 020 | |a 80-900050-8-X : |c 16.00 Kč | ||
| 040 | |a UOG502 |e AACR2 |9 1 |b cze | ||
| 080 | |a 796/799 | ||
| 080 | |a 794 | ||
| 080 | |a 796.1 | ||
| 080 | |a 796.54 | ||
| 080 | |a 796.4/.7 | ||
| 100 | 1 | |a Foglar, Jaroslav, |d 1907-1999 |7 jk01031485 |4 aut |9 13231 | |
| 245 | 1 | 0 | |a Alvarez, aneb, Po stopách Alvareze : |b dlouhodobá hra pro mládežnické oddíly / |c Jaroslav Foglar ; [sestavil Ivan Vápenka] |
| 260 | |a Praha : |b Sokol Silůvky, |c 1989 | ||
| 300 | |a 85 s., obr. | ||
| 490 | 1 | |a Edice foglarovské hry ; |v Sv. 1 | |
| 653 | |a letní tábory |a táboření |a tábornictví |a oddíly |a dobrodružné |a hry |a dobrodružství |a návody |a příručky | ||
| 700 | 1 | |a Vápenka, Ivan |4 com |9 46164 | |
| 830 | 0 | |a Edice foglarovské hry | |
| 910 | |a UOG502 | ||
| 999 | |c 44957 |d 44957 | ||
| 942 | 0 | 0 | |0 5 |
| 993 | |0 0 |1 421180048859 |2 ddc |4 0 |6 M_796_500000000000000 |7 0 |9 25997 |a 16.00 |b 0 |c 48859 |d 1999-08-31 |e 5 |f SKM |g 796.5 |h 16.00 |i Dárce |j 1 |l SKM |r 2021-02-12 |t 7 |w 2017-09-19 |y KN |z NAUCNA | ||